[Event "Hampstead GM 5th"]
[Site "London"]
[Date "1999.04.09"]
[Round "3"]
[White "Krush, Irina"]
[Black "Buckley, Graeme"]
[Result "0-1"]
[WhiteElo "2375"]
[BlackElo "2285"]

1.d4 Nf6 2.c4 g6 3.Nc3 Bg7 4.e4 d6 5.Nf3 O-O 6.Be2 e5 7.O-O Nbd7 8.Be3 c6
9.d5 Ng4 10.Bd2 f5 11.Ng5 Ndf6 12.b4 Kh8 13.Rc1 Qe7 14.c5 cxd5 15.cxd6 Qxd6
16.Nb5 Qb6 17.Nc7 Rb8 18.exd5 e4 19.Bf4 Nh5 20.Nce6 Nxf4 21.Nxf8 Nxe2+ 22.Qxe2 Bxf8
23.d6 Ne5 24.Rc7 Qxd6 25.Rxh7+ Kg8 26.Qe3 Be6 27.Qh3 Bg7 28.Rh8+ Bxh8 29.Qh7+ Kf8
30.Nxe6+ Ke8 31.Rc1 Bf6 32.Qg8+ Ke7 33.Rc7+ Nd7  0-1

[Event "Hampstead GM 5th"]
[Site "London"]
[Date "1999.04.11"]
[Round "5"]
[White "Krush, Irina"]
[Black "Barsov, Alexei"]
[Result "1-0"]
[WhiteElo "2375"]
[BlackElo "2504"]

1.d4 Nf6 2.c4 e6 3.Nc3 Bb4 4.Qc2 c5 5.dxc5 O-O 6.a3 Bxc5 7.Nf3 h6 8.Bf4 Nh5
9.Bd2 Nc6 10.g4 Nf6 11.g5 hxg5 12.Bxg5 Nd4 13.Nxd4 Bxd4 14.Rg1 Qa5 15.Bh6 Ne8
16.Bd2 Qh5 17.Bg2 f5 18.Bf4 d6 19.Bf3 Qf7 20.Nb5 Be5 21.Bxe5 dxe5 22.e4 Bd7
23.Nc3 Bc6 24.Qe2 Nf6 25.exf5 exf5 26.Bxc6 bxc6 27.O-O-O e4 28.Rg5 Qe6 29.Qe3 Ng4
30.Qg3 Rf7 31.c5 Qe7 32.Rh5 g6 33.Rh4 Rh7 34.Rxh7 Kxh7 35.Rd6 Ne5 36.Kb1 Re8
37.Ne2 Qg7 38.Nf4 Rb8 39.Qc3 Rb7 40.Ne6 Qf6 41.Qh3+ Kg8 42.Rd8+ Kf7 43.Qh7+ Kxe6
44.Rd6+  1-0

[Event "Hampstead GM 5th"]
[Site "London"]
[Date "1999.04.13"]
[Round "7"]
[White "Krush, Irina"]
[Black "Levitt, Jonathan"]
[Result "0-1"]
[WhiteElo "2375"]
[BlackElo "2427"]

1.d4 Nf6 2.c4 e6 3.Nc3 Bb4 4.Qc2 O-O 5.a3 Bxc3+ 6.Qxc3 b6 7.Bg5 Ba6 8.e3 d6
9.Bd3 Nbd7 10.b4 c5 11.dxc5 bxc5 12.b5 Bb7 13.Nf3 h6 14.Bh4 Qe7 15.O-O g5
16.Bg3 Nh5 17.Rad1 f5 18.Be2 e5 19.h3 f4 20.Bh2 Ng7 21.Nd2 Rf6 22.Qc2 e4
23.exf4 gxf4 24.Rfe1 e3 25.Bd3 Re8 26.Bg6 Rxg6 27.Qxg6 Ne5 28.Qc2 exd2 29.Qxd2 Qg5
30.Bg3 Rf8 31.Qxd6 fxg3 32.f4 Qxf4 33.Re2 Nf3+  0-1

[Event "Tuscon m"]
[Site "Tuscon"]
[Date "1999.05.30"]
[Round "3"]
[White "Krush, Irina"]
[Black "Shaked, Tal"]
[Result "1-0"]
[WhiteElo "2375"]
[BlackElo "2477"]

1.d4 Nf6 2.c4 g6 3.Nc3 Bg7 4.e4 d6 5.Nf3 O-O 6.Be2 e5 7.O-O Na6 8.Be3 Ng4
9.Bg5 Qe8 10.dxe5 dxe5 11.h3 h6 12.Bd2 Nf6 13.Be3 Qe7 14.Nd2 c6 15.a3 Nh7
16.Re1 Rd8 17.Qc2 Ng5 18.Bf1 Ne6 19.Rad1 Nd4 20.Qc1 Nc7 21.b4 b6 22.b5 Bb7
23.bxc6 Bxc6 24.Qb2 Nce6 25.Nd5 Qd6 26.Nb1 f5 27.exf5 gxf5 28.Nbc3 Rd7 29.f3 Rf8
30.Qf2 Qxa3 31.f4 exf4 32.Bxd4 Nxd4 33.Rxd4 Qxc3 34.Rxf4 Bxd5 35.cxd5 Be5
36.Rf3 Qd4 37.Rfe3 Bg7 38.Rd3 Qxf2+ 39.Kxf2 Rc8 40.Kf3 Rc3 41.Rxc3 Bxc3 42.Rd1 Kf7
43.Bb5 Rd6 44.Bc6 Be5 45.Re1 Kf6 46.Re3 Rd8 47.Ra3 a5 48.Rb3 Bd4 49.Kf4 h5
50.Rb1 Be5+ 51.Kf3 Rb8 52.Ke3 Bd6 53.Kd4 Bc5+ 54.Kc4 h4 55.Re1 Rg8 56.Re6+ Kf7
57.Re5 Rxg2 58.Rxf5+ Kg6 59.Rf4 Kg5 60.Rf1 Rc2+ 61.Kb3 Rd2 62.Rf3 Bd6 63.Kc4 Be5
64.Rd3 Rc2+ 65.Kb3 Rb2+ 66.Ka3 Rc2 67.Kb3 Rc5 68.Be8 Bd6 69.Ka4 Kf4 70.Rd4+ Ke3
71.Rxh4  1-0

[Event "Tuscon m"]
[Site "Tuscon"]
[Date "1999.05.31"]
[Round "4"]
[White "Shaked, Tal"]
[Black "Krush, Irina"]
[Result "1/2-1/2"]
[WhiteElo "2477"]
[BlackElo "2375"]

1.c4 e5 2.Nc3 Nf6 3.Nf3 Nc6 4.g3 d5 5.cxd5 Nxd5 6.Bg2 Nb6 7.O-O Be7 8.a3 O-O
9.b4 a6 10.d3 Be6 11.Bb2 f6 12.Rc1 Qd7 13.Ne4 Rfd8 14.Qc2 Rac8 15.Rfd1 Qe8
16.Nc5 Bxc5 17.bxc5 Nd5 18.d4 exd4 19.Nxd4 Nxd4 20.Rxd4 c6 21.Rcd1 Nc7 22.Be4 h6
23.Bh7+ Kh8 24.Bg6 Qe7 25.Rd6 Nb5 26.R6d2 Nc7 27.Rd6 Nb5 28.R6d2 Nc7 29.Rd6 Nb5
30.R6d2  1/2-1/2

[Event "World op"]
[Site "Philadelphia"]
[Date "1999.06.28"]
[Round "2"]
[White "Krush, Irina"]
[Black "Gulko, Boris F"]
[Result "0-1"]
[WhiteElo "2375"]
[BlackElo "2620"]

1.d4 e6 2.c4 Bb4+ 3.Bd2 Qe7 4.Nc3 Nf6 5.f3 d5 6.Qc2 c5 7.dxc5 d4 8.Nb5 Bxc5
9.a3 a6 10.b4 axb5 11.cxb5 Nbd7 12.bxc5 Nxc5 13.e3 e5 14.Bd3 O-O 15.Ne2 e4
16.fxe4 Nfxe4 17.exd4 Nxd3+ 18.Qxd3 Bg4 19.Be3 Rfe8 20.Ra2 Qh4+ 21.g3 Bxe2
22.Qxe2 Nxg3  0-1

[Event "Lawrencewille m 25'"]
[Site "Lawrencewille"]
[Date "1999.07.16"]
[Round "4"]
[White "Krush, Irina"]
[Black "Ftacnik, Lubomir"]
[Result "0-1"]
[WhiteElo "2432"]
[BlackElo "2589"]

1.d4 Nf6 2.c4 g6 3.Nc3 d5 4.Nf3 Bg7 5.Qb3 dxc4 6.Qxc4 O-O 7.e4 Bg4 8.Be3 Nfd7
9.Qb3 c5 10.d5 Na6 11.Be2 Qb6 12.Qxb6 axb6 13.Kd2 Nc7 14.Kc2 f5 15.h3 Bxf3
16.gxf3 f4 17.Bd2 Ne5 18.h4 h5 19.a3 e6 20.Rad1 Rad8 21.Be1 Kh7 22.d6 Ne8
23.Nb5 Rf7 24.Bc3 Rfd7 25.Nc7 Nxc7 26.dxc7 Rc8 27.Bxe5 Rxd1 28.Rxd1 Bxe5
29.Rd7+ Kh6 30.Bc4 Rxc7 31.Rxc7 Bxc7 32.Bxe6 Bd8 33.Kd3 Bxh4 34.Ke2 Bf6 35.b3 b5
36.Bd7 Bb2 37.Bxb5 Bxa3 38.e5 Bb2 39.e6 Bf6 40.Kd2 Kg5 41.Bf1 Kf5 42.Bh3+ Ke5
43.Kc3 Kd5+ 44.Kd3 b6 45.Kd2 c4 46.bxc4+ Kxc4 47.Kc2 Kb4 48.Bf1 b5 49.Bd3 h4
50.Bf1 Ka4 51.Bh3 Ka3 52.Kb1 Kb3 53.Bf1 b4 54.Bh3 Kc3 55.Kc1 b3 56.Bf1 b2+  0-1

[Event "USA-ch (junior)"]
[Site "San Francisco"]
[Date "1999.07.27"]
[Round "1"]
[White "Perelshteyn, Eugene"]
[Black "Krush, Irina"]
[Result "1-0"]
[WhiteElo "2416"]
[BlackElo "2432"]

1.e4 d6 2.d4 Nf6 3.Nc3 g6 4.Nf3 Bg7 5.Be2 O-O 6.Be3 Bg4 7.Qd2 Nc6 8.O-O-O Re8
9.d5 Bxf3 10.gxf3 Ne5 11.h4 c6 12.h5 Qa5 13.hxg6 fxg6 14.f4 Neg4 15.Bd4 c5
16.Bxf6 Nxf6 17.e5 Nd7 18.Bb5 Red8 19.Bxd7 Rxd7 20.Qe3 Qd8 21.Qh3 h6 22.Qe6+ Kh7
23.Qf7 h5 24.Rdg1  1-0

[Event "USA-ch (junior)"]
[Site "San Francisco"]
[Date "1999.07.29"]
[Round "3"]
[White "Bhat, Vinay S"]
[Black "Krush, Irina"]
[Result "1-0"]
[WhiteElo "2388"]
[BlackElo "2432"]

1.e4 c5 2.Nc3 e6 3.g3 d5 4.exd5 exd5 5.Bg2 Nf6 6.d3 Be7 7.Nge2 d4 8.Ne4 Nd5
9.Nf4 Nxf4 10.Bxf4 Nc6 11.O-O O-O 12.Qh5 f5 13.Ng5 h6 14.Nh3 Kh7 15.Bd2 g5
16.Rae1 Kg7 17.c4 dxc3 18.bxc3 Bd7 19.d4 cxd4 20.cxd4 Be8 21.Qd1 Bd6 22.d5 Ne7
23.Bc3+ Kh7 24.Qd4 Rg8 25.Qf6 Ng6 26.Qxf5 Rf8 27.Qb1 Qc7 28.Ba1 Bd7 29.Kh1 Bf5
30.Qd1 g4 31.Ng1 Qc4 32.Qd4 Qxd4 33.Bxd4 b5 34.Rc1 Ne7 35.Rfe1 Kg6 36.Bc5 Nc8
37.Ne2 Bxc5 38.Rxc5 Nd6 39.Rc6 Rfd8 40.Nd4 Rac8 41.Ra6 Rc5 42.Nc6 Re8 43.Ne5+ Rxe5
44.Rxd6+ Kf7 45.Rxe5 Rc1+ 46.Bf1 Bd3 47.Rd7+ Kf8 48.Rde7 Rxf1+ 49.Kg2 Rd1
50.Re1 Bf1+ 51.Kg1  1-0

[Event "USA-ch (junior)"]
[Site "San Francisco"]
[Date "1999.07.30"]
[Round "4"]
[White "Krush, Irina"]
[Black "Braylovsky, Gregory"]
[Result "1-0"]
[WhiteElo "2432"]
[BlackElo "2271"]

1.Nf3 Nf6 2.c4 g6 3.Nc3 d5 4.cxd5 Nxd5 5.Qa4+ Bd7 6.Qc2 Nb6 7.d4 Bg7 8.Bg5 O-O
9.e3 Nc6 10.Be2 Bf5 11.Qd2 Qd7 12.O-O h6 13.Bh4 e5 14.d5 Nd8 15.Rfd1 c6 16.e4 Bg4
17.Qe3 Bxf3 18.Qxf3 g5 19.Bg3 cxd5 20.Nxd5 Nxd5 21.Rxd5 Qe7 22.Rad1 Nc6 23.Rd7 Qb4
24.b3 Nd4 25.Qh5 Rad8 26.Rxd8 Rxd8 27.Bc4 Rd7 28.h4 Qd6 29.Bd5 Qf6 30.Rc1 Qd8
31.hxg5 hxg5 32.Kh2 Nb5 33.Qg4 Nc7 34.Bxb7 Rd6 35.Qf5 Re6 36.Qf3 Rd6 37.Qc3 Nb5
38.Qb4 Qb6 39.Bd5 a5 40.Qc4 Rh6+ 41.Kg1 Nd6 42.Qc5 Qa6 43.Qe3 Rg6 44.a3 g4
45.Rc6 Qb5 46.Qb6 Qxb6 47.Rxb6 Kf8 48.Ra6 a4 49.Rxa4 f5 50.Ra8+ Ke7 51.Bh4+ Kd7
52.Ra7+  1-0

[Event "USA-ch (junior)"]
[Site "San Francisco"]
[Date "1999.08.02"]
[Round "6"]
[White "Krush, Irina"]
[Black "Zilberstein, Dmitry"]
[Result "1-0"]
[WhiteElo "2432"]
[BlackElo "2313"]

1.d4 Nf6 2.c4 e6 3.Nc3 d5 4.cxd5 exd5 5.Bg5 Bb4 6.Qc2 h6 7.Bh4 Nbd7 8.e3 c5
9.dxc5 Qa5 10.Bd3 Bxc3+ 11.bxc3 O-O 12.Ne2 Re8 13.O-O Qxc5 14.Rfd1 b6 15.Rac1 Bb7
16.c4 dxc4 17.Bxc4 Qh5 18.Bg3 Be4 19.Qb2 Ne5 20.Bxe5 Qxe5 21.Qxe5 Rxe5 22.f3 Bb7
23.e4 Rc5 24.Bb3 Rxc1 25.Rxc1 Rc8 26.Rd1 Ba6 27.Kf2 Kf8 28.e5 Re8 29.f4 Ne4+
30.Ke3 Nc5 31.Nd4 Bb7 32.g4 Nxb3 33.axb3 Bd5 34.b4 a5 35.bxa5 bxa5 36.Ra1 Ra8
37.Ra4 g6 38.h4 Ke7 39.f5 gxf5 40.Nxf5+ Ke6 41.Kf4 Bc6 42.Rd4 Bd5 43.Ng7+ Ke7
44.Rxd5  1-0

[Event "USA-ch (junior)"]
[Site "San Francisco"]
[Date "1999.08.04"]
[Round "8"]
[White "Krush, Irina"]
[Black "Martinez, Marcel"]
[Result "1/2-1/2"]
[WhiteElo "2432"]
[BlackElo "2327"]

1.d4 Nf6 2.Nf3 c5 3.d5 e6 4.c4 b5 5.dxe6 fxe6 6.cxb5 d5 7.g3 Bd6 8.Bg2 O-O
9.O-O Bb7 10.Nbd2 Nbd7 11.e4 h6 12.Qe2 Qc7 13.b3 Rfe8 14.Bb2 dxe4 15.Nh4 Be5
16.Bxe5 Qxe5 17.Ng6 Qf5 18.Nf4 g5 19.Nh5 Rad8 20.Nxf6+ Nxf6 21.Rae1 Rd4 22.f3 Red8
23.fxe4 Qg6 24.Nf3 Rxe4 25.Qc2 Qf5 26.Nh4 Qe5 27.Bxe4 Qd4+ 28.Qf2 Qxf2+ 29.Rxf2 Nxe4
30.Rfe2 gxh4 31.Rxe4 Bxe4 32.Rxe4 hxg3 33.hxg3 Kf7 34.Ra4 Rd7 35.Kf2 Rb7
36.Ra5 Kf6 37.a4 Ke5 38.b4 Kd4 39.bxc5 Kxc5 40.Ra6 Kd5 41.g4 Rg7 42.Kf3 Ke5
43.Ke3 Kd5 44.Kf4 Rf7+ 45.Kg3 Rg7 46.Kh4 Re7 47.Kh5 e5 48.Kxh6 e4 49.Rf6 e3
50.Rf1 Re4 51.g5 Rh4+ 52.Kg6 Rxa4 53.Kf5 Ra2 54.Re1 Rf2+ 55.Kg4 Ke4 56.Ra1 Rg2+
57.Kh4 Kf4 58.Kh3 Rxg5 59.Rxa7 Rxb5 60.Kg2 Rb4 61.Rf7+ Ke4 62.Re7+ Kd3 63.Kf3 e2  1/2-1/2

[Event "Wch U18"]
[Site "Oropesa del Mar"]
[Date "1999.10.24"]
[Round "1"]
[White "Gombac, Jan"]
[Black "Krush, Irina"]
[Result "1/2-1/2"]
[WhiteElo "2210"]
[BlackElo "2432"]

1.e4 c5 2.Nf3 d6 3.d4 cxd4 4.Nxd4 Nf6 5.Nc3 Nc6 6.Bg5 e6 7.Be2 Be7 8.O-O O-O
9.Qd3 a6 10.Rad1 Bd7 11.Qg3 Qc7 12.Kh1 Kh8 13.f4 Rad8 14.f5 Nxd4 15.Rxd4 Qb6
16.Rd3 Qxb2 17.Rb1 Qxc2 18.Bd1 Qxb1 19.Nxb1 Nxe4 20.Qe3 Nxg5 21.h4 h6 22.hxg5 Bxg5
23.Qb6 exf5 24.Nc3 Rfe8 25.Kh2 Bc6 26.Ba4 Bf4+ 27.g3 Bxa4 28.gxf4 Bc6 29.Re3 Rxe3
30.Qxe3 Re8 31.Qd2 Re6 32.Nd5 Bb5 33.Nc3 Bc6 34.Nd5 Bb5 35.Kg3 Bc6 36.Qd4 Re4
37.Qd2 Re6 38.a3 Rg6+ 39.Kf2 Re6 40.Qd4 Re4 41.Qd2 Bxd5 42.Qxd5 Rxf4+ 43.Kg3 Rg4+
44.Kf3 Ra4 45.Qxd6 f6 46.Qf8+ Kh7 47.Qc5 Kg6 48.Qg1+ Kh7 49.Qc5 Kg6 50.Qg1+  1/2-1/2

[Event "Wch U18"]
[Site "Oropesa del Mar"]
[Date "1999.10.28"]
[Round "5"]
[White "Sebe, Florin"]
[Black "Krush, Irina"]
[Result "1/2-1/2"]
[WhiteElo "2262"]
[BlackElo "2432"]

1.e4 c5 2.Nf3 d6 3.d4 cxd4 4.Nxd4 Nf6 5.Nc3 a6 6.Be3 e5 7.Nb3 Be6 8.Qd2 Nbd7
9.f3 h5 10.a4 Nb6 11.Qf2 Nc4 12.Bxc4 Bxc4 13.Nd2 Be6 14.O-O Be7 15.Rfd1 Kf8
16.Nf1 g6 17.Bb6 Qd7 18.Ne3 Kg7 19.Ned5 Rac8 20.Be3 Nxd5 21.Nxd5 Bxd5 22.Rxd5 Qc6
23.c3 f5 24.Qd2 f4 25.Bf2 g5 26.Ra3 Kf7 27.Rb3 Rcd8 28.Qd1 Qxa4 29.Rxb7 Qxd1+
30.Rxd1 Rb8 31.Rxb8 Rxb8 32.b4 Rc8 33.Be1 Ke6 34.Ra1 Rc6 35.Ra5 Bd8 36.Rd5 Bb6+
37.Kf1 g4 38.Ke2 Bg1 39.h3 gxf3+ 40.gxf3 Bb6 41.Kd3 Rc8 42.c4 Rg8 43.c5 Bc7
44.cxd6 Bxd6 45.Ra5 Rg1 46.Bf2 Rd1+ 47.Ke2 Rd2+ 48.Kf1 Bxb4 49.Rxa6+ Rd6
50.Rxd6+ Bxd6 51.Ke2 Be7 52.Kd3 Kd6 53.Kc4 Kc6 54.Be1 Bd6  1/2-1/2

[Event "Wch U18"]
[Site "Oropesa del Mar"]
[Date "1999.11.02"]
[Round "9"]
[White "Hersvik, Daniel"]
[Black "Krush, Irina"]
[Result "0-1"]
[WhiteElo "2165"]
[BlackElo "2432"]

1.e4 c5 2.Nf3 d6 3.c3 Nf6 4.Be2 Bd7 5.d3 Bc6 6.O-O Nbd7 7.Nbd2 e6 8.Re1 Be7
9.Bf1 Ne5 10.d4 Nxf3+ 11.Qxf3 cxd4 12.cxd4 O-O 13.Qh3 e5 14.Qd3 b5 15.Qc3 Rc8
16.dxe5 dxe5 17.Qxe5 Bb4 18.Re2 Bd6 19.Qg5 h6 20.Qh4 Re8 21.f3 Bc5+ 22.Rf2 Nxe4  0-1

[Event "Wch U18"]
[Site "Oropesa del Mar"]
[Date "1999.11.04"]
[Round "10"]
[White "Krush, Irina"]
[Black "Karttunen, Mika"]
[Result "0-1"]
[WhiteElo "2432"]
[BlackElo "2284"]

1.d4 d5 2.c4 c6 3.Nc3 Nf6 4.e3 g6 5.Nf3 Bg7 6.b3 O-O 7.Be2 b6 8.O-O e6 9.Ba3 Re8
10.Rc1 Bb7 11.Ne5 a5 12.f4 Ne4 13.Nxe4 dxe4 14.Qc2 f6 15.Ng4 h5 16.Nf2 f5
17.Nh3 Bf6 18.Rfd1 Na6 19.d5 exd5 20.cxd5 cxd5 21.Bb2 Re6 22.Bxf6 Rxf6 23.Bxa6 Bxa6
24.Ng5 Rd6 25.Qb2 Rc8 26.Rxc8 Bxc8 27.Rc1 d4 28.exd4 Ba6 29.h3 Qf6 30.Kh2 Qxd4
31.Qc2 e3 32.Nf3 Qxf4+ 33.Kg1 e2 34.Kf2 h4 35.Re1 Qg3+ 36.Kg1 Bb7 37.Qxe2 Be4
38.Rc1  0-1

[Event "Vikings GMB"]
[Site "York ENG"]
[Date "1999.12.13"]
[Round "1"]
[White "Krush,I"]
[Black "McNab,C"]
[Result "1/2-1/2"]
[WhiteElo "2432"]
[BlackElo "2445"]

1.d4 d6 2.Nf3 g6 3.c4 Nd7 4.Nc3 e5 5.e4 Bg7 6.Be2 Ngf6 7.O-O O-O 8.Be3 Re8
9.d5 Nh5 10.g3 Bf8 11.Ne1 Ng7 12.Nd3 f5 13.f3 Be7 14.Qd2 Nf6 15.c5 fxe4 16.fxe4 Ng4
17.Bxg4 Bxg4 18.Rfc1 Rf8 19.b4 Rf3 20.Rf1 Rxf1+ 21.Rxf1 Bh3 22.Rc1 a6 23.Na4 Qe8
24.cxd6 Bxd6 25.Nac5 Bc8 26.Nb2 Nh5 27.Rf1 Bh3 28.Rf2 a5 29.bxa5 b6 30.Nb7 bxa5
31.Nxd6 cxd6 32.Bh6 Qe7 33.Qe3 Rc8 34.Nd3 Rb8 35.Ne1 Nf6 36.Bg5 Ng4 37.Bxe7 Nxe3
38.Re2 Nc4 39.Ng2 Rb1+ 40.Kf2 Kf7 41.Bg5 Rh1 42.Rc2 Rxh2 43.Rxc4 Rxg2+ 44.Kf3 Rxa2
45.Rc7+ Ke8 46.Be7 Bg2+ 47.Kg4 h6 48.Bxd6 Bxe4 49.Re7+ Kd8 50.Rxe5 Bg2 51.Kf4 Kd7
52.Bc5 Rc2 53.d6 Kc6 54.Bd4 a4 55.Ra5 Re2 56.Re5 Rxe5 57.Bxe5 Bh3 58.Ke4 Kc5
59.Kd3 Kd5 60.Bg7 h5 61.Kc3 Kxd6 62.Kb4 Bd7 63.Ka3 Ke6 64.Bd4 g5 65.Be3 Kf5
66.Bb6 Kg4 67.Bc7 h4  1/2-1/2

[Event "Vikings GMB"]
[Site "York ENG"]
[Date "1999.12.15"]
[Round "3"]
[White "Meister,P"]
[Black "Krush,I"]
[Result "0-1"]
[WhiteElo "2417"]
[BlackElo "2432"]

1.d4 Nf6 2.c4 e6 3.Nf3 d5 4.Nc3 Bb4 5.Bg5 h6 6.Bxf6 Qxf6 7.Qb3 c5 8.cxd5 exd5
9.e3 O-O 10.Be2 Nc6 11.O-O c4 12.Qd1 Rd8 13.a3 Ba5 14.Nd2 Be6 15.f4 Bf5 16.g4 Qe7
17.gxf5 Qxe3+ 18.Rf2 Qxd4 19.Nf3 Qxf4 20.Rg2 d4 21.Na2 d3 22.Bf1 Qxf5 23.Nh4 Qf6
24.Qh5 Ne5 25.Nf5 Bb6+ 26.Kh1 Ng6 27.Qg4 Rd5 28.Ng3 Rd4 29.Ne4 Qc6 30.Nac3 Re8
31.Re1 d2  0-1

[Event "Vikings GMB"]
[Site "York ENG"]
[Date "1999.12.16"]
[Round "4"]
[White "Krush,I"]
[Black "Arkell,K"]
[Result "1-0"]
[WhiteElo "2432"]
[BlackElo "2462"]

1.d4 e6 2.c4 Bb4+ 3.Bd2 Bxd2+ 4.Qxd2 d5 5.Nc3 Nf6 6.e3 O-O 7.Nf3 Qe7 8.cxd5 exd5
9.Bd3 c6 10.O-O Nbd7 11.Qc2 Re8 12.Rab1 a5 13.a3 g6 14.b4 axb4 15.axb4 b5
16.Rfe1 Ne4 17.Nd2 Nxd2 18.Qxd2 Nb6 19.e4 Nc4 20.Bxc4 dxc4 21.d5 Bd7 22.d6 Qf6
23.f4 Qg7 24.e5 Bf5 25.Ne4 Bxe4 26.Rxe4 Ra3 27.Rd1 Rd8 28.Qd4 Qf8 29.Re3 Rxe3
30.Qxe3 Qe8 31.f5 gxf5 32.Qg5+ Kh8 33.Qf6+ Kg8 34.Rf1 Qf8 35.Rf3 h6 36.Rg3+ Kh7
37.Qxf5+ Kh8 38.Qf6+ Kh7 39.h3 Re8 40.d7 Rd8 41.e6 fxe6 42.Qxe6 Ra8 43.Qe4+ Kh8
44.Qe5+ Kh7 45.Rf3 Qg8 46.Qe7+ Kh8 47.Qf6+ Kh7 48.Re3  1-0

[Event "Vikings GMB"]
[Site "York ENG"]
[Date "1999.12.17"]
[Round "5"]
[White "Paschall,W"]
[Black "Krush,I"]
[Result "1-0"]
[WhiteElo "2332"]
[BlackElo "2432"]

1.e4 c5 2.Nf3 d6 3.d4 cxd4 4.Nxd4 Nf6 5.Nc3 a6 6.Bc4 e6 7.O-O b5 8.Bb3 Be7
9.f4 O-O 10.Qf3 Qc7 11.a3 Nc6 12.Be3 Nxd4 13.Bxd4 e5 14.Be3 exf4 15.Qxf4 Be6
16.Bd4 Rae8 17.Kh1 Nd7 18.Qg3 Ne5 19.Nd5 Bxd5 20.Bxd5 Ng6 21.Rf3 Bd8 22.Raf1 Re7
23.h4 Ne5 24.h5 Kh8 25.h6 f6 26.Bxe5 Rxe5 27.hxg7+ Qxg7 28.Qxg7+ Kxg7 29.Rf5 Bb6
30.g4 Bd4 31.c3 Rxf5 32.gxf5 Be5 33.Rg1+ Kh6 34.Kg2 a5 35.Kf3 Rb8 36.Kg4 Kg7
37.Kh5+ Kh8 38.Rg4 Rc8 39.Be6 Rb8 40.Rg1 Rd8 41.Rd1 Rb8 42.Rd5 Kg7 43.b4 axb4
44.cxb4 Rb6 45.Rd2 Ra6 46.Rg2+ Kf8 47.Rg8+ Ke7 48.Rg7+ Kd8 49.Rxh7 Rxa3 50.Rd7+ Ke8
51.Rb7 Kd8 52.Bd5 Kc8 53.Kg6 Bd4 54.Rxb5 Ra7 55.Be6+ Kc7 56.Rd5 Bc3 57.b5 Rb7
58.Rd3 Be5 59.Rb3 Kb6 60.Bd5 Ra7 61.Bc6 Rc7 62.Rh3 Rc8 63.Kf7  1-0

[Event "Vikings GMB"]
[Site "York ENG"]
[Date "1999.12.20"]
[Round "8"]
[White "Krush,I"]
[Black "Quinn,M"]
[Result "0-1"]
[WhiteElo "2432"]
[BlackElo "2377"]

1.d4 Nf6 2.c4 e6 3.Nc3 Bb4 4.Qc2 O-O 5.a3 Bxc3+ 6.Qxc3 h6 7.g3 d6 8.Bg2 a5
9.b3 Nc6 10.Nf3 Re8 11.O-O Qe7 12.Re1 e5 13.d5 Nb8 14.e4 c6 15.Bb2 Nbd7 16.Nd2 Nc5
17.b4 Na4 18.Qc2 Nxb2 19.Qxb2 Qc7 20.dxc6 Qxc6 21.Rac1 axb4 22.axb4 Be6 23.Nf1 Ra4
24.Ne3 Qb6 25.Rb1 Rea8 26.Red1 Ra2 27.Qc3 Rc8 28.Rb2 Rxb2 29.Qxb2 Bxc4 30.Nf5 Rd8
31.Qc3 Be6 32.Ne3 Rc8 33.Qd2 Rc6 34.h3 Kf8 35.Kh2 Qc7 36.Ra1 Ra6 37.Rxa6 bxa6
38.Qd3 Qb6 39.Qa3 g6 40.Bf3 Bd7 41.Kg2 Bb5 42.Ng4 Nxg4 43.Bxg4 Qd4 44.Bf3 Kg7
45.Qb3 Bc4 46.Qb1 Qd2 47.h4 h5 48.Qd1 Qxb4 49.Bxh5 Bb3 50.Qc1 Qxe4+ 51.Bf3 Qd3
52.h5 Bd5 53.Bxd5 Qxd5+ 54.Kg1 Qe6 55.hxg6 Qxg6 56.Qa1 Qd3 57.Qa4 e4 58.Qa1+ Kh7
59.Qa5 Qd1+ 60.Kg2 Qf3+ 61.Kg1 e3 62.fxe3 Qxg3+ 63.Kf1 Qf3+ 64.Kg1 Qxe3+
65.Kg2 Qe2+ 66.Kg1 Qg4+ 67.Kf2 Qd4+ 68.Kg2 Qb2+ 69.Kf3 Qb5 70.Qd8 Qf5+ 71.Kg3 a5
72.Qh4+ Kg6 73.Qa4 Qe5+ 74.Kf3 Qc3+ 75.Ke2 Qb4 76.Qe8 Qb2+ 77.Kd3 Qb3+ 78.Kd4 Qd1+
79.Kc3 Qf3+ 80.Kd2 Qd5+ 81.Kc2 Qc4+ 82.Kb2 Kg7 83.Qe3 Qb5+ 84.Ka2 Qd5+ 85.Kb1 a4
86.Qc3+ Qe5 87.Qb4 Qf5+ 88.Ka1 Qf1+ 89.Kb2 Qe2+ 90.Ka3 Qc2 91.Qd4+ Kg8  0-1

[Event "Premier"]
[Site "Hastings ENG"]
[Date "2000.01.06"]
[Round "3"]
[White "Krush,I"]
[Black "Sokolov,I"]
[Result "0-1"]
[WhiteElo "2399"]
[BlackElo "2637"]

1.d4 d5 2.c4 e6 3.Nc3 Bb4 4.a3 Bxc3+ 5.bxc3 Nf6 6.e3 O-O 7.cxd5 exd5 8.Bd3 Bg4
9.Ne2 Qc8 10.O-O c5 11.f3 Bf5 12.e4 dxe4 13.fxe4 Bg6 14.Rxf6 gxf6 15.Nf4 cxd4
16.cxd4 Qc3 17.Be3 Rd8 18.Rc1 Qxa3 19.h4 Nc6 20.h5 Bxe4 21.Qg4+ Kh8 22.Qh4 Rd6
23.Rd1 Rg8 24.Bf2 Qa4 25.Re1 Bxd3 26.Nxd3 Nxd4 27.Kh1 Qc6 28.Nf4 Nf5 29.Qh3 Qd7  0-1

[Event "Premier"]
[Site "Hastings ENG"]
[Date "2000.01.12"]
[Round "9"]
[White "Emms,J"]
[Black "Krush,I"]
[Result "1-0"]
[WhiteElo "2546"]
[BlackElo "2399"]

1.e4 c5 2.Nf3 d6 3.d4 cxd4 4.Nxd4 Nf6 5.Nc3 a6 6.Bc4 e6 7.a4 Be7 8.O-O Nc6
9.Be3 O-O 10.Kh1 d5 11.exd5 exd5 12.Bb3 Re8 13.h3 Be6 14.Qf3 Ne5 15.Qe2 Bb4
16.Nxe6 fxe6 17.Bd2 Nc6 18.Qd3 Qd6 19.Rae1 Kh8 20.f4 Rad8 21.Ne2 Bxd2 22.Qxd2 e5
23.c3 Ne4 24.Qe3 exf4 25.Nxf4 d4 26.Qxe4 Rxe4 27.Rxe4 dxc3 28.bxc3 g6 29.Ne6 Rc8
30.Rf7 Ne5 31.Ng5 Rc7 32.Rd4 Qxd4 33.Rf8+  1-0

[Event "16th open"]
[Site "Cappelle La Grande FRA"]
[Date "2000.02.22"]
[Round "5"]
[White "Christenson,F"]
[Black "Krush,I"]
[Result "1/2-1/2"]
[WhiteElo "2168"]
[BlackElo "2399"]

1.d4 Nf6 2.c4 e6 3.Nf3 d5 4.Bg5 Bb4+ 5.Nc3 h6 6.Bxf6 Qxf6 7.e3 O-O 8.Qc2 c5
9.a3 cxd4 10.axb4 dxc3 11.bxc3 dxc4 12.Bxc4 Bd7 13.O-O Rc8 14.Qd3 Be8 15.Rac1 Nd7
16.Bb5 Qe7 17.Qb1 a6 18.Bxd7 Bxd7 19.c4 Rab8 20.Qb3 Rc7 21.Ne5 Be8 22.Rc2 f6
23.Nf3 e5 24.c5+ Bf7 25.Qa4 Rd8 26.h3 Rd3 27.Rd2 Rcd7 28.Rxd3 Rxd3 29.c6 bxc6
30.Qxc6 Qxb4 31.Qxa6 Rd8 32.Qc6 Qd6 33.Qxd6 Rxd6 34.Ra1 Kh7 35.Ra7  1/2-1/2

[Event "Oz.com qualifier blitz"]
[Site "Internet ICC"]
[Date "2000.03.05"]
[Round "1"]
[White "Siraco,M"]
[Black "Krush,I"]
[Result "0-1"]
[WhiteElo "2165"]
[BlackElo "2399"]

1.e4 c5 2.Nf3 d6 3.d4 cxd4 4.Nxd4 Nf6 5.Nc3 Nc6 6.Bc4 Qb6 7.Nb3 e6 8.O-O Be7
9.Be3 Qc7 10.Bd3 a6 11.a4 b6 12.Re1 Bb7 13.Qe2 O-O 14.f3 Rfd8 15.Qf2 Nd7
16.Rad1 Na5 17.Nxa5 bxa5 18.Ne2 Rdc8 19.Qg3 Ne5 20.Nf4 Kh8 21.Nh5 g6 22.Nf4 Nxd3
23.cxd3 Bf6 24.d4 Bg7 25.h4 h5 26.Nh3 Bc6 27.Ng5 Be8 28.Rc1 Qd7 29.Kh1 d5
30.exd5 Qxd5 31.Rc7 Rxc7 32.Qxc7 Kg8 33.Rc1 Qb3 34.Bf4 Bxd4 35.Be5 Qxb2 36.Rc2 Bxe5
37.Rxb2 Bxc7 38.Rb7 Be5  0-1

[Event "Millennium Masters"]
[Site "Oakham ENG"]
[Date "2000.04.18"]
[Round "8"]
[White "Ward,C"]
[Black "Krush,I"]
[Result "0-1"]
[WhiteElo "2509"]
[BlackElo "2399"]

1.c4 e6 2.Nc3 d5 3.d4 c6 4.e3 f5 5.g4 Nf6 6.gxf5 exf5 7.Qb3 dxc4 8.Bxc4 Qe7
9.Nf3 b5 10.Be2 Be6 11.Qc2 g6 12.Ng5 Bg8 13.Bf3 h6 14.Nh3 g5 15.Nxb5 Qd7
16.Ng1 Bb4+ 17.Bd2 Bxd2+ 18.Kxd2 Bh7 19.Rc1 O-O 20.Ne2 f4 21.Qc4+ Kg7 22.Nbc3 Qh3
23.Bxc6 Nxc6 24.Qxc6 Rae8 25.Ng3 fxg3 26.hxg3 Qf5 27.Ke1 Ng4 28.Nd1 Re6 29.Qb7+ Rf7
30.Rc7 Qa5+  0-1

[Event "Millennium Masters"]
[Site "Oakham ENG"]
[Date "2000.04.19"]
[Round "9"]
[White "Krush,I"]
[Black "Hummel,P"]
[Result "1-0"]
[WhiteElo "2399"]
[BlackElo "2347"]

1.d4 Nf6 2.Nf3 g6 3.c4 Bg7 4.Nc3 O-O 5.e4 d6 6.h3 e5 7.d5 Nh5 8.Nh2 a5 9.Be2 Nf4
10.Bf3 Na6 11.O-O f5 12.Be3 Nc5 13.exf5 gxf5 14.Bxf4 exf4 15.Qc2 Be5 16.Rab1 Bd7
17.Rfc1 Kh8 18.Nf1 Rg8 19.Nd2 Qh4 20.Kf1 Rg6 21.b3 Bd4 22.Nd1 Re8 23.a3 Rg7
24.Rb2 Bxb2 25.Nxb2 Rge7 26.Qc3+ Kg8 27.Nd3 Nxd3 28.Qxd3 Qf6 29.Qc2 c6 30.Nb1 Rc8
31.Nc3 Be8 32.Ne2 Qe5 33.Qd2 cxd5 34.Bxd5+ Bf7 35.Nxf4 b5 36.g3 a4 37.Bxf7+ Rxf7
38.Re1 Qc5 39.Ne6 Qc6 40.Kg1 axb3 41.Nd8 Rxd8 42.Qg5+ Kh8 43.Qxd8+ Kg7 44.cxb5 Qxb5
45.Re8 h6 46.Rg8+ Kh7 47.Rh8+ Kg7 48.Qg8+ Kf6 49.Rxh6+ Ke7 50.Qg5+ Kd7 51.Qd2 Qc6
52.Rh8 Re7 53.Qa5 Re5 54.Qd8+ Ke6 55.Qg8+ Kd7 56.Qf7+ Re7 57.Qxf5+ Kc7 58.Rc8+  1-0

[Event "New York Open"]
[Site "New York USA"]
[Date "2000.05.06"]
[Round "3"]
[White "Cunningham,W"]
[Black "Krush,I"]
[Result "0-1"]
[WhiteElo "2224"]
[BlackElo "2399"]

1.d4 d5 2.c4 e6 3.Nc3 c6 4.cxd5 exd5 5.Bf4 Bd6 6.Bxd6 Qxd6 7.e3 Bf5 8.Bd3 Bxd3
9.Qxd3 Nf6 10.Nf3 Nbd7 11.O-O O-O 12.b4 b5 13.a4 a6 14.Rfb1 Nb6 15.a5 Nc4
16.Ra2 Rae8 17.Nd2 Ng4 18.Nf1 f5 19.h3 Nh6 20.Re2 f4 21.exf4 Qxf4 22.f3 Nf5
23.Rxe8 Rxe8 24.Ne2 Qg5 25.f4 Qf6 26.Kh2 Re4 27.Nfg3 Nxg3 28.Nxg3 Qxd4 29.Qxd4 Rxd4
30.Nf5 Re4 31.Kg3 g6 32.Nh6+ Kg7 33.Ng4 h5 34.Nf2 Re3+ 35.Kh4 Nd6 36.g4 Rf3
37.Rc1 Nc4 38.Re1 Rxf2 39.Re7+ Kf6 40.Rc7 d4 41.Rxc6+ Ke7 42.Rxa6 d3 43.Ra7+ Ke6
44.f5+ gxf5 45.gxf5+ Rxf5 46.Rg7 d2 47.Rg1 Ne3  0-1

[Event "New York Open"]
[Site "New York USA"]
[Date "2000.05.06"]
[Round "4"]
[White "Krush,I"]
[Black "Andrews,T"]
[Result "0-1"]
[WhiteElo "2399"]
[BlackElo "2254"]

1.Nf3 c5 2.g3 Nc6 3.Bg2 e5 4.O-O g6 5.e3 Bg7 6.d4 cxd4 7.exd4 e4 8.Ne5 d5
9.f3 Nxe5 10.dxe5 Be6 11.fxe4 Qb6+ 12.Kh1 d4 13.Nd2 Bxe5 14.Nf3 Bg7 15.e5 Rd8
16.Ng5 Bc4 17.Qf3 Nh6 18.Re1 O-O 19.Qxb7 Qa5 20.Bf4 Rb8 21.Qc6 Rfc8 22.Qf3 Rxb2
23.e6 Rxa2 24.Rad1 fxe6 25.Nxe6 Bxe6 26.Rxe6 Nf7 27.Rde1 Ra1 28.Qf1 Rxe1
29.Rxe1 Bf6 30.Re6 Bg5 31.Bxg5 Qxg5 32.Re2 a5 33.Bh3 Rc6 34.Re8+ Kg7 35.Qa1 Qf6
36.Re4  0-1